000 00621nam a2200181Ia 4500
003 GCL
008 140319s9999 xx 000 0 ara d
040 _aGCL /
_cGCL
082 0 4 _aد
_b050
100 1 _aعبدالوهاب محمد المسيرى
245 1 0 _aالايديولوجية الصهيونية: القسم الاول (عالم المعرفة 60) /
_cعبدالوهاب محمد المسيرى
300 _a310 ص
490 _aعالم المعرفة
_v0
650 0 4 _aالصهيونية
650 0 4 _aالصهيونية واليهودية
650 0 4 _aاليهود - مستعمرات
942 _2ddc
_cBK
999 _c50390
_d50390